Países que empiezan por la P - Estadísticas

Estadísticas generales
  • Esta prueba ha sido intentada 576 veces
  • La puntuación promedio es 6 de 9
Estadísticas de respuestas
Respuesta % Correcto
Polonia
89%
Portugal
83%
Perú
80%
Pakistán
76%
Palaos
75%
Panamá
75%
Paraguay
67%
Papúa Nueva Guinea
57%
Países Bajos
36%
No se encontraron pruebas coincidentes
Distribución de puntuación
Porcentaje de gente con cada puntuación
Porcentaje por número respondido
Historial de tus puntuaciones
No has intentado esta prueba.